|
|
|
|
| LEADER |
00618cam a2200169 7i4500 |
| 001 |
0000018227 |
| 005 |
20080801090000.0 |
| 090 |
0 |
0 |
|a PHOT 338.7
|b MAL
|
| 110 |
2 |
0 |
|a Malaysia External Trade Development Corporation [MATRADE]
|
| 245 |
2 |
0 |
|a Seminar on 'Business Opportunity in Malaysia' [14 September 1995 : Shangri-La Hotel Bangkok, Thailand].
|
| 300 |
# |
# |
|a 15 Photographs:
|b Col..
|
| 500 |
0 |
0 |
|a Photographs
|
| 650 |
0 |
0 |
|a Match making
|
| 650 |
0 |
0 |
|a Susila Devi
|
| 650 |
0 |
0 |
|a MATRADE --
|x Photograph collection --
|x 1995
|
| 650 |
0 |
0 |
|a Rafidah Aziz, Dato' Seri
|
| 999 |
|
|
|a PC00000089
|b Photographs
|c Photographs
|e Business Information Centre
|